Normal view
MARC view
Entry Personal Name
001 - CONTROL NUMBER
- control field: 7241
003 - CONTROL NUMBER IDENTIFIER
- control field: BD-RjUL
005 - DATE AND TIME OF LATEST TRANSACTION
- control field: 20230328121252.0
008 - FIXED-LENGTH DATA ELEMENTS
- fixed length control field: 230328|| aca||aabn | a|a d
040 ## - CATALOGING SOURCE
- Original cataloging agency: BD-RjUL
- Transcribing agency: BD-RjUL
100 ## - HEADING--PERSONAL NAME
- Personal name: Haq, Farida, Co-Supervisor
670 ## - SOURCE DATA FOUND
- Source citation: Work cat.: (BD-RjUL)81314: CHOWDHURY, MD. AL JAHIDI HASAN 7081, Isolation and identification of bacteria by blood culture and their drug susceptibility pattern in children to establish the correlation between childhood septicemia with C-reactive protein (CRP) levels. :, 2012